000 00644nam a2200229Ia 4500
003 OSt
005 20220928130658.0
006 a|||||r|||| 00| 0
007 ta
008 220927b |||||||| |||| 00| 0 eng d
024 _a42511
037 _cTextual
040 _aSDCL
_cSDCL
_beng
041 _2eng
_aeng
082 _aV2,933'N1, M0
100 _aMadan J C
_9475441
245 0 _aIndian Police
_b Its development upto 1905 an historical analysis
260 _aNew Delhi
_bUppal Publishing House
_c1980
300 _axxii,316p
_ccm.
942 _hV2,933'N1, M0
_cTEXL
_2CC
999 _c787959
_d787959